000 nam a22 7a 4500
999 _c10477
_d10477
008 180217b ||||| |||| 00| 0 eng d
100 _aSinghal, J P
_96398
245 _amap work in social science - X
260 _aNew delhi
_bHoly faith publication
_c2013